00239 a2200097 4500020001500000100002100015245007500036250000800111260001400119300000800133 a8178088347 aJohn M. Nicholas aProject management for business and technolgoy principles and practice a2nd aNew Delhi a622